Language Quiz

Random Language or Color Quiz

German: Colors Quiz Stats

 Plays Quiz Updated Dec 11, 2018

     
Support Sporcle.
Go Orange.
Score 0/10 Timer 03:00
2 Plays Today
% Correct
rot
94.7%
blau
93%
grün
91.1%
weiß
84.8%
orange
82.5%
schwarz
80.3%
gelb
77%
grau
74.5%
rosa
66.3%
lila
61.6%

From the Vault

One-Star Rom-Coms

by emberly13

Movies 6m
That face an actor makes when reading the poor reviews of their film.
Remove Ads.
Support Sporcle.
Get the best of Sporcle when you Go Orange. This ad-free experience offers more features, more stats, and more fun while also helping to support Sporcle. Thank you for becoming a member.

Show Comments

Extras

Top Quizzes Today


Score Distribution

Your Account Isn't Verified!

In order to create a playlist on Sporcle, you need to verify the email address you used during registration. Go to your Sporcle Settings to finish the process.

Report this User

Report this user for behavior that violates our Community Guidelines.

Details: